Enigme One piece #1 - Statistiques

Statistiques générales
  • Ce quiz a été pris 768 fois
  • Le résultat moyen est 23 sur 26
Statistiques - réponses
Lettre Indice Réponse % Correct
A Personnage principale du manga Luffy
100%
Z Navigatrice de A Nami
97%
D Archéologue de A, a été sauvé par K Robin
97%
G S'est fait tuer par S, est le frère de A et de R Ace
96%
X Cuisinier de A, fils de I Sanji
96%
F A perdu une parti du corps en sauvant A, il faisait parti de l'équipage de W Shanks
96%
H Second de A, disciple de M Zoro
96%
T C'est empereur et a perdu contre A Kaido
95%
W Capitaine de O Roger
95%
S Amirale en chef de la marine Akainu
94%
J A capturer G pour le livrer à S Barbe noire
94%
B Alliance avec I et T, mère de U Big mom
94%
R Est le frère de A et de G, commandant de l'armée révolutionnaire Sabo
94%
Q A fait vivre un enfer à Z Arlong
93%
M Mentor de H, est un Grand corsaire Mihawk
93%
K Membre de la marine, a affronté S aokiji
92%
C Rivale de W Barbe blanche
91%
N Fils de B et a perdu contre A Katakuri
91%
O A entrainer A et c'est le second de W Rayleigh
91%
L Est le frère d'arme de F, c'est un empereur Baggy
90%
Y à libérer Q sur East blue, fait parti de l'équipage de A Jimbe
88%
E Membre de l'équipage de T Queen
83%
I Père de X, à fabriqué E Judge
76%
V Compagnons de Z, et anciens compagnons de B Zeus
74%
U A perdu contre P, est le 1er fils de la famille charlotte Perospero
71%
P L'un des fourreaux rouges Chavipère
47%
Aucun quiz correspondant
Distribution des résultats
% des personnes avec chaque résultat
Percentile par nombre de réponses
Votre historique - résultats
Vous n’avez pas pris ce quiz